Estadísticas hidrológicas de Colombia 1990-1993 (Registro nro. 655)
[ vista simple ]
| 000 -CABECERA | |
|---|---|
| Campo de control | 00776nam a2200241 a 4500 |
| 005 - FECHA Y HORA DE LA ULTIMA TRANSACCION | |
| Campo de control | 20160223185722.0 |
| 008 - ELEMENTOS DE LONGITUD FIJA—INFORMACION GENERAL | |
| Campo de control | 140221b1995 ck abdofr||||o000 0 spa d |
| 020 ## - ISBN | |
| ISBN | v.1: 9585019 |
| 020 ## - ISBN | |
| ISBN | v. 2: 9585027 |
| 040 ## - FUENTE DE CATALOGACIÓN | |
| Agencia catalogadora original | CO-BoIAVH |
| Agencia transcriptora | CO-BoIAVH |
| 041 0# - IDIOMA | |
| Código de idioma para texto/pista de sonido o título separado | Español |
| 044 ## - PAÍS DE PUBLICACIÓN | |
| País de publicación | Colombia |
| 082 04 - NUMERO DE CLASIFICACION DECIMAL DEWEY | |
| Número de clasificación | 551.48021 |
| Número del ítem | M66e |
| 110 2# - ASIENTO PRINCIPAL--NOMBRE CORPORATIVO | |
| Unidad subordinad | Ministerio del Medio Ambiente |
| Nombre corporativo o de jurisdicción como elemento de entrada | Colombia. |
| 9 (RLIN) | 62421 |
| 245 10 - MENCION DE TITULO | |
| Título | Estadísticas hidrológicas de Colombia 1990-1993 |
| 260 ## - PUBLICACION, DISTRIBUCION, ETC. (PIE DE IMPRENTA) | |
| Lugar de publicación, distribución, etc. | Bogotá : |
| Nombre del editor, distribuidor, etc. | IDEAM, |
| Fecha de publicación, distribución, etc. | 1995. |
| 300 ## - DESCRIPCION FISICA | |
| Extensión | 2 volúmenes : |
| Otros detalles físicos | Ilustraciones, mapas, gráficos, fotografías ; |
| Dimensiones | 28 x 22 cm. |
| 650 16 - ASIENTO SECUNDARIO DE MATERIA - TERMINO TEMATICO | |
| Término temático o nombre geográfico como elemento de entrada | Estadísticas |
| 9 (RLIN) | 62422 |
| 650 26 - ASIENTO SECUNDARIO DE MATERIA - TERMINO TEMATICO | |
| Término temático o nombre geográfico como elemento de entrada | Hidrología |
| 9 (RLIN) | 62423 |
| 662 ## - ASIENTO SECUNDARIO DE MATERIA - JERARQUIA DEL NOMBRE DE LUGAR( | |
| País o entidad mayor | Colombia |
| 710 2# - ASIENTO SECUNDARIO - NOMBRE CORPORATIVO | |
| Nombre corporativo o de jurisdicción como elemento de entrada | Instituto de Hidrología, Meteorología y Estudios Ambientales |
| 9 (RLIN) | 62424 |
| 942 ## - ELEMENTOS ADICIONALES (KOHA) | |
| Tipo de ítem | Libro |
| Sistema de clasificación | Dewey Decimal Classification |
| Withdrawn status | Lost status | Sistema de Clasificación | Damaged status | No para préstamo | Colección | Inventariado | Ubicación Permanente | Ubicación actual | Fecha de adquisición | Fuente de Valor | Valor | Total Checkouts | Número topográfico | Inventario / Código de Barras | Date last seen | Ejemplar | Price effective from | Forma de adquisición | Tipo de material |
|---|---|---|---|---|---|---|---|---|---|---|---|---|---|---|---|---|---|---|---|
| Dewey Decimal Classification | General | Inventariado 2017 | Bogotá | Bogotá | 07/01/1998 | Instituto | 39000.00 | LB-551.48021 M66e | 000926 | 04/12/2012 | V. 2 Ej. 1 | 04/12/2012 | Libro | ||||||
| Dewey Decimal Classification | General | Inventariado 2017 | Bogotá | Bogotá | 10/09/2001 | Instituto | 39000.00 | LB-551.48021 M66e | 004799 | 04/12/2012 | V. 1 Ej. 1 | 04/12/2012 | Libro | ||||||
| Dewey Decimal Classification | General | Inventariado 2017 | Sala Fabio Quevedo | Sala Fabio Quevedo | 07/01/1998 | Instituto | 39000.00 | LB-551.48021 M66e | 000925 | 04/12/2012 | V. 1 Ej. 2 | 04/12/2012 | Libro | ||||||
| Dewey Decimal Classification | General | Inventariado 2017 | Sala Fabio Quevedo | Sala Fabio Quevedo | 10/09/2001 | Instituto | 39000.00 | LB-551.48021 M66e | 004800 | 04/12/2012 | V. 2 Ej. 2 | 04/12/2012 | Libro |